| 000 | 00810cam a22001934a 4500 | ||
|---|---|---|---|
| 005 | 20250605163457.0 | ||
| 008 | 250528s ||||||||||||||||||||||||d | ||
| 035 | _a20148 | ||
| 020 | _a960730652 | ||
| 040 |
_aGR-AtMCL _bgre _dGR-AtMCL _eAACR2 |
||
| 245 | 1 | _aTranslating / General Economics - Business Administration - Statistics and Actuarial Science - Banking and Financial Management - Maritime Economics - European Communites | |
| 260 |
_bΣταμούλης Α, _c1993 |
||
| 300 | _a194 | ||
| 520 | _aIntroduction, Principles of Translation, Grammar for the Professions, Systematic Vocabulary - Field of Synonyms, Texts Translated, Annotaded Texts for Translation, Useful Dictionaries - Bibliography. | ||
| 700 | 1 | _aΑποστόλου Ελένη | |
| 942 | _cBK | ||
| 999 |
_c5287 _d5287 |
||